Machine Component Design (Record no. 299277)

MARC details
000 -LEADER
fixed length control field 00412nam a2200157Ia 4500
008 - FIXED-LENGTH DATA ELEMENTS--GENERAL INFORMATION
fixed length control field 230718s9999 xx 000 0 und d
041 ## - LANGUAGE CODE
Language code of text/sound track or separate title eng
082 ## - DEWEY DECIMAL CLASSIFICATION NUMBER
Classification number 621.8'15
Item number ORT
100 ## - MAIN ENTRY--PERSONAL NAME
Personal name Orthwein W.
9 (RLIN) 151178
245 ## - TITLE STATEMENT
Title Machine Component Design
260 ## - PUBLICATION, DISTRIBUTION, ETC. (IMPRINT)
Date of publication, distribution, etc. 1999
Name of publisher, distributor, etc. Jaico Publishing House
300 ## - PHYSICAL DESCRIPTION
Extent 999
365 ## - TRADE PRICE
Currency code Rs.
Price amount 295.00
700 ## - ADDED ENTRY--PERSONAL NAME
Personal name Orthwein W.
9 (RLIN) 151178
906 ## - LOCAL DATA ELEMENT F, LDF (RLIN)
d B:179821-Jul-1999
c MECH
b 47.2
Holdings
Withdrawn status Lost status Damaged status Not for loan Home library Current library Date acquired Vendor Budget Code Cost, normal purchase price Bill number Total Checkouts Full call number Barcode Date last seen Discount Cost, replacement price Bill Date Koha item type Original Barcode
        Cummins College of Engineering for Women Pune Cummins College of Engineering for Women Pune 02/09/1999 Book Space MECH 247.80 1798   621.8'15 CCEP-BK-10483 18/07/2023 47.2 295.00 21/07/1999 Books 010483